000 00913cam a2200205 4500
001 ABS66297
008 021216n2002 000 0 eng u
035 _a(Sirsi) u120781
100 _aWillmore, C
245 _aWhat's in a name? The role of 'National Park' designation
260 _c2002
490 _aJournal of Planning and Environment Law
_vNovember 2002, 1325-1333(9)
520 _aOverview of issue of National Parks as a concept, including public perceptions, international perceptions, definitions, legal powers derived from designation, and differential application of powers. Concludes powers are used differently in relation to National Parks, although the precise extent of these differences varies.
590 _aABS
650 _aNATIONAL PARKS
650 _aNATIONAL PARKS AND ACCESS TO THE COUNTRYSIDE ACT 1949
650 _aPARKS
690 _aRURAL-NATURE CONSERVATION
942 _n0
999 _c71770
_d71770